| 000 | 00918nam a2200217 a 4500 | ||
|---|---|---|---|
| 001 | 84402 | ||
| 003 | BD-RjUL | ||
| 005 | 20241202115905.0 | ||
| 008 | 241202s1970 ii ||||| |||| 00| 0 ben d | ||
| 035 | _a(BD-RjUL)84402 | ||
| 040 |
_aBD-RjUL _beng _cBD-RjUL |
||
| 041 | _aben | ||
| 082 |
_223 _a954.03 _bRAB 1970 |
||
| 100 |
_aরক্ষিত-রায়, ভূপেন্দ্রকিশোর _914506 |
||
| 245 |
_aভারতে সশস্ত্র বিপ্লব / _cভূপেন্দ্রকিশোর রক্ষিত-রায় |
||
| 260 |
_aকলিকাতা : _bরবীন্দ্র লাইব্রেরী, _c১৯৭০ |
||
| 300 |
_a৫৭২ পৃ.; _c২২ সেমি. |
||
| 650 |
_a ভারতবর্ষ _vইতিহাস _yস্বাধীনতা আন্দোলন _914507 |
||
| 650 |
_aIndia _vHistory _yFreedom Movement _914508 |
||
| 942 |
_2ddc _cBK |
||
| 999 |
_c84402 _d84402 |
||